Board Games by Clue - Statistics

General Stats
  • This quiz has been taken 317 times
  • The average score is 8 of 12
Answer Stats
Hint Answer % Correct
"The Fast-Dealing Property Trading Game" Monopoly
96%
Based on gathered information, guess the murderer Clue
92%
Get four in a row to win this game Connect Four
82%
Help Cavity Sam get better with a pair of tweezers Operation
81%
Make words in the form of a crossword puzzle Scrabble
81%
When all five dice have the same value you have: Yahtzee
79%
Teams guess the illustration drawn on a whiteboard Pictionary
78%
Guess the longitude and latitude of your opponent's ____ Battleship
75%
This game "ties you up in knots" Twister
71%
When someone yells this, they switch places with an opponent Sorry!
38%
First referred to as "The checkered game of ___" this The Game of Life
20%
Players roll dice to capture pawns Parcheesi
6%
No matching quizzes found
Score Distribution
Percent of People with Each Score
Percentile by Number Answered
Your Score History
You have not taken this quiz